Casa de caballeros / (Record no. 97329)

MARC details
000 -LEADER
campo de control de longitud fija 00526nam a2200181 i 4500
001 - NÚMERO DE CONTROL
campo de control 97329
003 - IDENTIFICADOR DE NÚMERO DE CONTROL
campo de control ES-MaACL
005 - FECHA Y HORA DE LA ÚLTIMA TRANSACCIÓN
campo de control 20230906182100.0
007 - CAMPO FIJO DE DESCRIPCIÓN FÍSICA--INFORMACIÓN GENERAL
campo de control de longitud fija t|
008 - DATOS DE LONGITUD FIJA--INFORMACIÓN GENERAL
campo de control de longitud fija 050711s1954 sp ||||1| spa d
100 1# - ENTRADA PRINCIPAL--NOMBRE DE PERSONA
Nombre de persona Marco, Angel.
9 (RLIN) 76452
245 10 - MENCIÓN DEL TÍTULO
Título Casa de caballeros /
Mención de responsabilidad, etc. por Angel Marco; dibujos de Juan Cruz Melero.
260 ## - PUBLICACIÓN, DISTRIBUCIÓN, ETC.
Lugar de publicación, distribución, etc. Calatayud :
Nombre del editor, distribuidor, etc. Navarro,
Fecha de publicación, distribución, etc. 1954.
300 ## - DESCRIPCIÓN FÍSICA
Extensión 30 p. ;
Dimensiones 21 cm.
650 #4 - PUNTO DE ACCESO ADICIONAL DE MATERIA--TÉRMINO DE MATERIA
Término de materia o nombre geográfico como elemento de entrada Iglesias-
Subdivisión geográfica Calatayud.
9 (RLIN) 157699
700 1# - ENTRADA AGREGADA--NOMBRE PERSONAL
Nombre de persona Cruz Melero, Juan.
9 (RLIN) 41835
852 ## - LOCALIZACIÓN
Ubicación ES-MaACL
Número de control de estantería 1986-F-8
Sublocalización o colección R.37445
Holdings
Estatus retirado Estado de pérdida Estado de daño No para préstamo Colección Biblioteca de origen Biblioteca actual Ubicación en estantería Fecha de adquisición Fuente de adquisición Total de préstamos Signatura topográfica completa Código de barras Visto por última vez Precio de reemplazo Tipo de ítem Koha
        Colección de folletos Biblioteca del Ateneo de Madrid Biblioteca del Ateneo de Madrid Depósito folletos 17/01/2008     1986-F-8 1101606 23/02/2023 23/02/2023 Folleto